Normal view MARC view

Entry Nome pessoal

Number of records used in: 3

001 - NÚMERO DE CONTROLE

  • campo de controle: 525

003 - IDENTIFICADOR DO NÚMERO DE CONTROLE

  • campo de controle: Br

005 - DATA E HORÁRIO DA ÚLTIMA TRANSAÇÃO

  • campo de controle: 20250317095506.0

008 - CAMPO DE DADOS FIXOS

  • campo de controle de tamanho fixo: 991122|| acnnnaab| aaaa d

035 ## - NÚMERO DE CONTROLE DO SISTEMA

  • Número de Controle do Sistema: 99112214234604106

040 ## - FONTE DA CATALOGAÇÃO

  • Instituição da catalogação original: Br
  • Instituição que transcreveu o registro: Br

100 1# - CABEÇALHO--NOME PESSOAL

  • Nome pessoal: Cajado, Octávio Mendes,
  • Datas associadas ao nome: 1915-

400 1# - REMISSIVA VER--NOME PESSOAL

  • Nome pessoal: Mendes Cajado, Octávio
  • Datas associadas ao nome: 1915-

400 1# - REMISSIVA VER--NOME PESSOAL

  • Nome pessoal: Cajado, Octávio,
  • Datas associadas ao nome: 1915-

411 ## - REMISSIVIA VER--NOME DE EVENTO

  • Função do autor por extenso: TRADUTOR

670 ## - FONTE POSITIVA DOS DADOS

  • Citação da fonte positiva dos dados: Sec. de: Schnittking, Henry Thomas, Vida dos grandes filósofos. 1944.

670 ## - FONTE POSITIVA DOS DADOS

  • Citação da fonte positiva dos dados: http://authorities.loc.gov/ 27/10/11

670 ## - FONTE POSITIVA DOS DADOS

  • Citação da fonte positiva dos dados: http://viaf.org/processed/PTBNP%7C19453
  • Dados encontrados na fonte localizada no subcampo: (Tradutor; d.n.)

670 ## - FONTE POSITIVA DOS DADOS

  • Citação da fonte positiva dos dados: http://viaf.org/processed/SUDOC%7C118819259
  • Dados encontrados na fonte localizada no subcampo: (Mendes Cajado, Octavio)

670 ## - FONTE POSITIVA DOS DADOS

  • Citação da fonte positiva dos dados: http://enciclopedia.itaucultural.org.br/pessoa5245/octavio-mendes-cajado
  • Dados encontrados na fonte localizada no subcampo: (Octavio Mendes Cajado - tradutor)

670 ## - FONTE POSITIVA DOS DADOS

  • Citação da fonte positiva dos dados: http://www.santoandre.sp.gov.br/pesquisa/con_detalheAutor.asp?ID=26522
  • Dados encontrados na fonte localizada no subcampo: (d.n., rem.)

Powered by Koha